000
00238 a2200097 4500
001
56008
100
_a
245
_a
Statistical methods for engineers and scientists
260
_a
USA
_b
marcel Dekke
_c
1980
090
_c
34672
_d
34672
942
_a
NUST-CAE
_c
MONOGRAPH
_c
27416
999
_c
291081
_d
291081